000 00856nam a2200265 4500
001 174438
003 ES-MaACL
005 20250805063317.0
008 100421s1988 sp |||| |dspa d
017 _aM 31269-1988
020 _a84-249-1283-7
080 _a32(02)"-03"
100 0 _aAristóteles
_922861
245 1 0 _aPolítica /
_cAristóteles ; introducción, traducción y notas de Manuela García Valdés.
260 _aMadrid :
_bGredos,
_c[1988]
300 _a490 p. ;
_c20 cm.
490 1 _aBiblioteca clásica Gredos ;
_v116
500 _aÍndice de nombres.
504 _aBibliografía: p.[29]-42.
650 7 _aPolítica-
_vObras anteriores a 1800.
_916282
700 1 _aGarcía Valdés, Manuela.
_955360
830 0 _aBiblioteca clásica Gredos ;
_v116
_9177556
852 4 _a BA
_jC-57133
999 _c174438
_d174438